Top 200 Cities of Arizona by Population - Statistics

General Stats
  • This quiz has been taken 21 times
  • The average score is 34 of 200
Answer Stats
Hint Answer % Correct
1,650,070 Phoenix
100%
76,586 Flagstaff
93%
511,648 Mesa
87%
275,411 Gilbert
80%
253,855 Glendale
80%
280,167 Chandler
73%
111,805 Goodyear
73%
198,750 Peoria
73%
244,394 Scottsdale
73%
100,858 Yuma
73%
158,285 Surprise
67%
189,834 Tempe
67%
547,239 Tuscon
67%
108,909 Buckeye
60%
59,257 Lake Havasu City
60%
71,022 Maricopa
60%
47,757 Prescott
53%
9,819 Sedona
53%
93,545 Avondale
47%
19,702 Nogales
47%
38,018 Sun City
47%
41,153 Apache Junction
40%
43,302 Bullhead City
40%
63,743 Casa Grande
40%
5,152 Cave Creek
40%
7,179 Globe
40%
35,334 Kingman
40%
7,320 Page
40%
16,731 Payson
40%
76,570 Queen Creek
40%
105,231 San Tan Valley
40%
12,192 Show Low
40%
44,431 Sierra Vista
40%
8,123 Wickenburg
40%
3,463 Williams
40%
4,994 Bisbee
33%
24,291 Florence
33%
1,854 Gila Bend
33%
58,430 Marana
33%
48,311 Oro Valley
33%
12,502 Paradise Valley
33%
1,899 Pine
33%
50,045 Prescott Valley
33%
8,681 Arizona City
27%
70,770 Casas Adobes
27%
18,293 Coolidge
27%
1,667 Grand Canyon Village
27%
6,884 Litchfield Park
27%
2,389 Quartzsite
27%
14,213 Sierra Vista Southeast
27%
27,003 Sun City West
27%
3,783 Ajo
20%
22,622 Anthem
20%
2,297 Black Canyon City
20%
6,908 Catalina
20%
51,756 Catalina Foothills
20%
13,815 Chino Valley
20%
15,638 Douglas
20%
35,850 El Mirage
20%
18,528 Eloy
20%
23,611 Fountain Hills
20%
1,532 Miami
20%
37,966 San Luis
20%
6,670 Snowflake
20%
4,521 South Tuscon
20%
1,312 Tombstone
20%
1,247 Tubac
20%
8,517 Winslow
20%
5,337 Benson
13%
1,382 Casa Blanca
13%
2,734 Colorado City
13%
1,700 Congress
13%
3,356 Cornville
13%
4,437 Eagar
13%
1,381 First Mesa
13%
15,716 Fort Mohave
13%
28,227 Fortuna Foothills
13%
1,319 Golden Shores
13%
21,581 Green Valley
13%
1,995 Joseph City
13%
18,365 New River
13%
3,400 Parker
13%
1,514 Parks
13%
1,915 Pinetop Country Club
13%
21,798 Rio Rico
13%
36,356 Sahuarita
13%
1,206 Second Mesa
13%
2,571 Superior
13%
15,531 Tanque Verde
13%
7,173 Tolleson
13%
2,376 Valle Vista
13%
6,340 Village of Oak Creek
13%
2,384 Window Rock
13%
3,831 Avenue B and C
7%
2,757 Bagdad
7%
2,245 Blackwater
7%
1,550 Cactus Flats
7%
4,904 Clarkdale
7%
3,218 Cordes Lakes
7%
13,124 Cottonwood City
7%
4,540 Dewey-Humboldt
7%
1,354 Dolan Springs
7%
27,636 Drexel Heights
7%
16,989 Flowing Wells
7%
1,302 Fredonia
7%
7,999 Golden Valley
7%
5,217 Guadelupe
7%
3,216 Heber-Overgaard
7%
4,833 Holbrook
7%
1,600 Huachuca City
7%
5,651 Kayenta
7%
4,615 Lake Montezuma
7%
1,307 LeChee
7%
1,133 Mammoth
7%
1,624 Meadview
7%
2,585 Mohave Valley
7%
1,514 Morenci
7%
4,874 Paulden
7%
4,191 Pinetop Lakeside
7%
2,271 Rio Verde
7%
2,999 Sacaton
7%
12,616 Saddlebrooke
7%
10,270 Safford
7%
14,594 Somerton
7%
1,610 Spring Valley
7%
2,545 Star Valley
7%
3,362 St. Johns City
7%
4,410 Summit
7%
14,079 Sun Lakes
7%
4,272 Taylor
7%
1,667 Tsaile
7%
8,265 Tuba City
7%
12,687 Tuscon Estates
7%
15,722 Vail
7%
12,662 Verde Village
7%
2,840 Whetstone
7%
6,112 Williamson
7%
6,919 Youngtown
7%
6,364 Avra Valley
0%
1,590 Beaver Dam
0%
1,447 Bellemont
0%
1,750 Bylas
0%
12,489 Camp Verde
0%
1,426 Canyon Day
0%
3,642 Carefree
0%
1,733 Centennial Park
0%
2,678 Central Heights-Midland City
0%
4,395 Chinle
0%
2,300 Cibecue
0%
1,640 Cienega Springs
0%
5,136 Citrus Park
0%
1,144 Claypool
0%
3,780 Clifton
0%
9,039 Corona de Tuscon
0%
2,910 Desert Hills
0%
1,267 Dilkon
0%
5,947 Doney Park
0%
3,614 Fort Defiance
0%
1,803 Fort Valley
0%
12,488 Gold Canyon
0%
3,212 Kachina Village
0%
1,406 Kaibab Estates West
0%
1,679 Kaibito
0%
1,817 Kearny
0%
3,227 Lake of the Woods
0%
2,299 Linden
0%
1,876 Lukachukai
0%
1,188 Mesa del Caballo
0%
1,601 Mescal
0%
1,924 Mountain View Ranches
0%
1,176 Naco
0%
14,281 New Kingman-Butler
0%
1,454 North Fork
0%
3,154 Oracle
0%
1,196 Peach Springs
0%
1,141 Peridot
0%
9,665 Picture Rocks
0%
3,036 Pima
0%
1,183 Pinon
0%
1,869 Pirtleville
0%
1,764 Red Lake
0%
3,243 Red Rock CDP
0%
5,851 Rincon Valley
0%
4,769 San Carlos
0%
3,269 San Manuel
0%
1,931 Scenic
0%
2,200 Sells
0%
1,727 Springerville
0%
2,889 Swift Trail Junction
0%
5,486 Thatcher
0%
5,033 Three Points
0%
2,326 Timberline-Fernwood
0%
1,593 Tonto Basin
0%
11,428 Tuscon Mountains
0%
13,834 Valencia West
0%
1,767 Wagon Wheel
0%
2,572 Wellton
0%
2,678 White Mountain Lake
0%
4,308 Whiteriver
0%
3,202 Willcox
0%
No matching quizzes found
Score Distribution
Percent of People with Each Score
Percentile by Number Answered
Your Score History
You have not taken this quiz